[Event "Gibraltar Masters 11th"]
[Site "Caleta"]
[Date "2013.01.26"]
[Round "5"]
[White "Ivanchuk, Vassily"]
[Black "Ehlvest, Jaan"]
[Result "1-0"]
[WhiteElo "2758"]
[BlackElo "2605"]
[Annotator "Krasenkow,M"]
[PlyCount "80"]
[EventDate "2013.01.22"]
[EventType "swiss"]
[EventRounds "10"]
[EventCountry "GGB"]
[SourceTitle "CBM 153"]
[Source "ChessBase"]
[SourceDate "2013.03.14"]
[SourceVersion "1"]
[SourceVersionDate "2013.03.14"]
[SourceQuality "1"]

1. d4 Nf6 2. c4 e6 3. Nc3 Bb4 4. Nf3 d6 5. Qc2 O-O 6. Bd2 c5 $6 {Hardly a good
plan here.} (6... Nbd7 {[%cal Ye6e5]}) 7. a3 (7. dxc5 dxc5 $1 (7... Bxc5 8. g3
d5 9. cxd5 exd5 10. Bg2 Nc6 11. O-O h6 12. Na4 Bd6 13. Rfd1 Re8 14. Be1 $14 {
1-0 (52) Lysyj,I (2628)-Zhigalko,A (2582) St Petersburg RUS 2012}) 8. e3 (8.
O-O-O Nc6 9. a3 Bxc3 10. Bxc3 Qe7 11. Ne5 Bd7 12. e3 Rfd8 13. Bd3 h6 14. Nxd7
Nxd7 15. f4 Nf6 16. g4 e5 17. g5 hxg5 18. fxg5 Ng4 19. Rdg1 Rxd3 20. Qxd3 Nf2
21. Qf5 Nxh1 22. Rxh1 Rd8 23. h4 Qd7 $11 {1/2 (27) Kakageldyev,A (2415)
-Kholmov,R (2550) Talsi 1979}) (8. a3 Ba5 9. Rd1 Nbd7 10. g3 b6 11. Bg2 Bb7 12.
O-O Bxc3 13. Bxc3 Be4 14. Qc1 Qc7 15. Qe3 Bc6 16. Ne5 Bxg2 17. Kxg2 Rad8 18. f3
Nb8 19. Qg5 h6 20. Qh4 Nh7 21. Qg4 Nf6 22. Qh4 Nh7 23. Qf4 Rfe8 24. Qg4 f6 25.
Ng6 Nc6 $11 {0-1 (60) Forintos,G-Kholmov,R Budapest 1970}) 8... Nc6 9. a3 Ba5
10. O-O-O (10. Bd3 Qe7 11. O-O Bc7 12. Rad1 b6 13. b3 Bb7 14. Bc1 a6 15. Bb2 h6
16. Ne2 Rad8 $11 {1/2 (20) Foisor,O (2495)-Vyzmanavin,A (2485) Moscow 1987})
10... Qe7 11. Bd3 Bd7 (11... h6 $142 12. Rhg1 Bxc3 13. Bxc3 e5 $11) 12. Rhg1
Rfd8 13. g4 g6 14. g5 Nh5 15. Ne4 Bc7 16. Be2 $40 {0-1 (38) Flohr,S-Smyslov,V
Moscow 1951}) 7... Bxc3 (7... Ba5 8. e3 Re8 9. Bd3 Nbd7 10. O-O e5 11. b4 $5 (
11. dxe5 $5 dxe5 12. Ng5) 11... cxb4 12. axb4 Bxb4 13. Nb5 Bxd2 14. Nxd2 Nf8 (
14... exd4 $142 15. exd4 Nf8 $11) 15. Nxa7 (15. c5 $1 exd4 16. Nxd6 dxe3 17.
fxe3 Rxe3 18. N2e4 $40) 15... Bd7 16. dxe5 Rxe5 17. Nb5 Rxa1 18. Rxa1 Bc6 $11 {
1/2 (24) Bagirov,V-Kholmov,R Tbilisi 1974}) 8. Bxc3 cxd4 9. Nxd4 e5 $5 {
A double-edged move, after which Black should urgently create counterplay,
otherwise the weakness of his d6 pawn will be painful.} 10. Nf5 (10. Nf3 Be6
11. e4 Nbd7 12. Be2 a5 $11 {A.Jussupow}) 10... Nc6 $6 (10... Qc7 11. Rd1 Rd8
12. e3 $6 (12. Ne3 Be6 $132) (12. g4 $5) 12... d5 13. f4 $6 Nc6 14. fxe5 Nxe5
15. Be2 Be6 16. O-O dxc4 $17 {0-1 (38) Beliavsky,A (2620)-Jussupow,A (2655)
Linares 1992}) 11. Rd1 Be6 $6 {[%mdl 512] Black sacrifices a pawn but should
not get enough compensation.} (11... Bxf5 $142 12. Qxf5 Qc7 {[%cal Ya8d8,Yd6d5,
Yc6e7]}) 12. Nxd6 Nd4 13. Bxd4 Qxd6 14. Bc3 Qa6 (14... Qc7 15. e3 Bxc4 $2 16.
Bb4 Rfc8 17. Bxc4 a5 (17... Qxc4 $2 18. Rd8+) 18. Bd6 (18. Bxf7+ $5 Qxf7 19.
Bc3 {[%csl Re5]}) 18... Qxc4 19. Qxc4 Rxc4 20. Bxe5 $16) 15. e3 $6 {After this
move White's king remains in the centre, and his king's rook out of play.} (15.
Bxe5 $142 Bxc4 16. Bxf6 gxf6 17. h4 $1 $16 {[%cal Yh1h3]}) 15... Bxc4 16. Bxe5
Bxf1 17. Rxf1 Rfe8 $44 {[%csl Re1,Rf1]} 18. Bd4 Rac8 (18... Nd5 $5 {[%cal
Rd5f4]}) 19. Qb3 (19. Qd3 Qd6 $5) 19... Qa5+ 20. Bc3 Qa6 (20... Qg5 $5 21. Bxf6
Qxf6 $44) 21. f3 {White decides to give up the pawn but evacuate his king and
obtain a small advantage (B vs N in an open, although symmetrical position).}
Rxe3+ 22. Kf2 Rce8 23. Qb4 h6 $6 (23... Qe6 $142 24. Qd4 (24. Qxb7 $4 Rxc3 25.
bxc3 Qe3+ 26. Kg3 Ne4+) (24. Rd6 Qf5 25. Kg1 Re2 $132) 24... Re2+ 25. Kg1 Qf5
26. Rf2 (26. Qxa7 $4 Qc2) 26... Rxf2 27. Kxf2 h6 28. Kg1 b6 $14 {/=}) 24. Rd6
Qe2+ 25. Kg1 R3e6 (25... Rd3 $5 26. Re1 $1 (26. Rxd3 Qxd3 27. Qxb7 (27. Bxf6
gxf6 28. Qxb7 Qd4+ 29. Kh1 Qf2 30. Qa6 Re1 31. Qc8+ $11) 27... Nd5 28. Qxa7
Nxc3 29. bxc3 Qxc3 {, and Black should not lose}) 26... Qc2 27. Rxe8+ Nxe8 28.
Rxd3 Qxd3 29. Qxb7 Qe3+ 30. Kf1 Qd3+ 31. Ke1 Qe3+ 32. Kd1 Qg1+ 33. Be1 Qd4+ 34.
Bd2 Qg1+ 35. Kc2 Qxg2 36. b4 $16) 26. Rf2 $1 Qe3 27. Bd2 Qe5 28. Rxe6 Rxe6 29.
Qxb7 {Black has won a pawn once again, this time in a safe position.} Qd4 30.
Bc3 Qe3 31. g3 h5 32. h4 Qd3 $2 {There was no reason to give up another pawn.}
(32... Qc5 $142) 33. Qxa7 Nd5 34. Qd4 Qg6 35. Kh2 Rd6 36. Rd2 Rd7 37. Qe4 Qc6
38. a4 Rd6 39. Qd4 f6 40. a5 Qb5 1-0

[Event "Gibraltar Masters 11th"]
[Site "Caleta"]
[Date "2013.01.31"]
[Round "10"]
[White "Zhao, Xue"]
[Black "Ivanchuk, Vassily"]
[Result "1/2-1/2"]
[WhiteElo "2554"]
[BlackElo "2758"]
[Annotator "Zhao,Xue"]
[PlyCount "95"]
[EventDate "2013.01.22"]
[EventType "swiss"]
[EventRounds "10"]
[EventCountry "GGB"]
[SourceTitle "CBM 153"]
[Source "ChessBase"]
[SourceDate "2013.03.14"]
[SourceVersion "1"]
[SourceVersionDate "2013.03.14"]
[SourceQuality "1"]

{This was the second time I have come to participate in the Gibraltar Open! It
was nice to return to this beautiful place, where I find everything familiar
and very comfortable. However, my start in the tournament didn't go so easily,
with draws against lower rated opponents...  But it seems when things are
harder I play better, especially in the last four games luck is always with me.
First, in the seventh round against Swiss grandmaster Gallagher, I did not
only manage to save an almost lost game, but could even take the full point at
the end. In the eighth round I got German grandmaster Fridman and had to work
hard all the time, but nevertheless didn't lose. Then the ninth round brought
almost the same situation, I was under pressure against Ecuadorean grandmaster
Iturrizaga. Finally he made a mistake and that brought me a crucial victory. 
This ushered in the final round an opportunity to play against the famous
grandmaster and the tournament No. 1 seed Ivanchuk. Before, I had been pleased
with my form: I was in the second group only half a point behind the leaders;
I was also leading together with Pia Cramling as far as the women were
concerned, half a point in front of several other women players. So before the
last round my strategy was very simple - a draw is a victory...} 1. d4 d5 2. c4
dxc4 3. e3 {I spent some time thinking here and discarded the e4 I have used
in recent years, because that would tend to lead to complex situations, and
now my goal was to hold and score half a point. So I decided in favour of
simplicity.} e6 4. Bxc4 c5 5. Nf3 Nf6 6. O-O a6 7. dxc5 Qxd1 8. Rxd1 Bxc5 9. a3
{So we have a very balanced position, and also the layout is very familiar to
me. So I spent more time and hoped that the situation would continue to remain
stable, and as much simplified as possible. A more sensible move might have
been 9.Be2.} Nbd7 10. Be2 O-O 11. Bd2 {After the game, I actually found that
this is a new idea. If Vassily plays 11...b5 12.Ba5, then Nc3, b4, a4. The
progressive realisation of my plan was to keep the situation level.} b6 {
Very clever logic, while maintaining the flexibility of the position.} 12. Nc3
Bb7 13. Be1 Rfc8 14. Rac1 Be7 15. Nd2 b5 16. b4 {A bad decision, leading to
White having to endure a long period of hard work.} (16. Nb3 Bd8 17. f3 Bb6 (
17... Nd5 18. e4) 18. Bf2 Nd5 {In my calculations I found it difficult to
maintain the balance here, but analysis after the game showed that White
should be even better.} ({another choice is also good for White:} 18... Nc5 19.
Nxc5 Bxc5 20. e4 Be7 21. Be3 {White is better}) 19. e4 Nxc3 20. Rxc3 Rxc3 21.
bxc3 Bxf2+ 22. Kxf2 Bc8 23. c4 {and White is clearly better.}) 16... Rc7 17.
Na2 Rac8 18. Rxc7 Rxc7 19. Rc1 {That's what I was expecting when playing 16.b4,
I can exchange both rooks, but White still is somewhat passive and in danger.}
Ne8 (19... Rxc1 20. Nxc1 Nd5 21. Ndb3 N5b6 22. f3 {to limit the black
light-squared bishop} Bd5 (22... Ne5 23. Na5 Bd5 24. e4 Bc4 25. Bg3 Bxe2 26.
Bxe5 Nc4 27. Nxe2 Nxe5 28. Nd4 Kf8 29. Kf2 $11) 23. e4 Bc4 24. Bd1 {White can
still maintain a relatively balanced situation.}) 20. Rxc7 Nxc7 21. Nb3 Bd5 22.
Bd1 {I still like this move, it retains the options of Nc3, Bc3 and Nc5.} ({
Houdini prefers} 22. Nac1 {I think with more accurate calculation, you can
hold on to the relatively weaker a3-pawn.}) 22... Nb6 23. Nc3 Nc4 {Black is
very positive; the a3-pawn comes under strong pressure.} 24. Nb1 {A negative
way to defend, but I think this was the best moment.} ({Relatively positive} 
24. a4 {will bring more danger.} Nb2 (24... Bxb4 25. Nxd5 Nxd5 26. Bxb4 bxa4 ({
but not} 26... Nxb4 27. axb5 axb5 28. Nd4 Nd6 29. Be2 {draw}) 27. Be1 axb3 28.
Bxb3 Ne5 {leaves Black's with an extra pawn; things are more difficult for
White.}) 25. axb5 Nxd1 26. b6 Nxc3 27. bxc7 Bb7 28. Bxc3 Bd6 29. Nc5 Bc8 30. f4
f6 $11) 24... f5 $1 {Understanding the complications; he will continue to keep
up the pressure, and get his king into battle as soon as possible.} 25. Bc2 Kf7
26. Bc3 Ne8 27. Kf1 Nf6 28. Bd4 (28. N3d2 Ng4 29. Nxc4 Bxc4+ 30. Kg1) 28... Nd7
(28... Ng4 $5 {may bring more opportunities} 29. h3 Nge5 {but probably Vassily
was worried about} 30. Nc5 ({possibly the best could be} 30. Nc3 Ba8 31. Nb1 {
and White is still under pressure, but can still defend.}) 30... a5 31. bxa5
Nxa5 32. Nd3 {Black retains ...Nec6 with some initiative.}) 29. N3d2 e5 30. Bc3
{If memory serves me right, I now felt the pressure more, although the
situation seems to be less complex.} e4 31. Ke2 g6 (31... Bf6 32. Bxf6 gxf6 33.
a4 $11) 32. Bd4 Nde5 33. Nb3 Nd3 {This looks very promising, but} (33... Nc6 {
would be better} 34. Bc3 h6 {and Black can slowly advance the kingside pawns,
to fight to create another weakness in White's camp.}) 34. f3 Ke6 (34... exf3+
$1 35. gxf3 Nde5 {Black retains some opportunities.}) 35. N3d2 (35. fxe4 $142
fxe4 36. N3d2 {The opportunity to aim for a draw.} Bd6 37. g3 Nxd2 38. Nxd2 $11
Nc1+ 39. Kf2 Nd3+ 40. Ke2 $11) 35... Bd6 ({He should still play} 35... exf3+
36. gxf3 Nde5) 36. h3 ({And White should have played} 36. fxe4 fxe4 37. g3 $11)
36... exf3+ 37. gxf3 Nde5 {Under the pressure of the time limit, the two sides
have missed the best liquidation, but the situation has been basically
maintained:, Black has retained slightly better chances.} 38. e4 ({Houdini
prefers} 38. f4 {but I still prefer to force a more positive position.}) 38...
fxe4 39. Nxe4 Nc6 (39... Be7 {will not give Black a better chance} 40. f4 Nd7
41. Ng5+ Bxg5 42. fxg5 Nde5 43. h4 $11) 40. Bf2 Be7 41. Nc5+ ({The first step
in the long-term pressure, I had not been thinking of playing} 41. Nec3 {
to replace swap off my opponent's better light-squared bishop.}) 41... Bxc5 42.
Bxc5 Ke5 (42... N6e5 {May bring more opportunities, but there is still great
potential for the defence.}) 43. Kf2 {The best defence.} Kf4 44. a4 ({After a
long time thinking, I think this situation was close to a draw. So I did not
consider other moves than a4 and missed a more powerful method found by Houdini
} 44. Bf8 $5) 44... bxa4 45. Bxa4 Bxf3 (45... N6e5 {May be better, but then}
46. Bc2 Nxf3 (46... Bxf3 47. Nd2 {This is the situation I look forward to} Bc6
48. Nxc4 Nxc4 49. Bd3 $11) 47. Nc3 Bb7 48. Bf8 Nfd2 49. Bd3 Ke5 50. Bg7+ Kd6
51. Bh6 Ne5 52. Bxa6 Bxa6 53. Bxd2 Nc4 54. Bf4+ Kc6 55. Kf3 $11) 46. Nd2 {
Aiming to force an exchange.} Nxd2 (46... N6e5 47. Bc2 Bb7 48. Nxc4 Nxc4 49.
Bd3 Bd5) 47. Be3+ Kf5 48. Bxc6 {Draw. I proposed a draw and Vassily agreed to
my proposal, after thinking for a short while.  I breathed a long sigh of
relief, I do not really like the way the game went, but this result makes me
very satisfied. My best achievement in an open! 13th in the tournament, the
first woman. I very much like Gibraltar, and am also very grateful to the
organisers and sponsors of the competition. Most people hope that this classic
tournament will go on forever, if given the opportunity. It has been very
successful in attracting professional players and amateur players from around
the world, with some rich and exciting outside activities which also add a lot
of fun. This tournamnet gave me a lot of confidence, it was like a reward,
especially after last year, after a series of bad results, I think I will
always remember this wonderful game. Not the best, perhaps,, but played in
this beautiful place, with a wonderful result.} 1/2-1/2

[Event "Vladimir Petrov Memorial op"]
[Site "Jurmala"]
[Date "2013.02.15"]
[Round "1"]
[White "Ivanchuk, Vassily"]
[Black "Trifonov, Denis"]
[Result "1-0"]
[WhiteElo "2758"]
[BlackElo "2263"]
[Annotator "CB"]
[PlyCount "47"]
[EventDate "2013.02.15"]
[EventType "swiss (rapid)"]
[EventRounds "14"]
[EventCountry "LAT"]
[SourceTitle "CBM 152 Extra"]
[Source "ChessBase"]
[SourceDate "2013.02.25"]
[SourceVersion "1"]
[SourceVersionDate "2013.02.25"]
[SourceQuality "1"]

{Eine Partie aus der Sammlung "Meister gegen Amateur"} 1. d4 d5 2. c4 c6 3. Nf3
e6 4. Qc2 (4. Nc3 dxc4 {führt zur Noteboom-Variante.}) ({Nach} 4. e3 {ist} f5
{eher spielbar als nach Dc2.}) 4... Bb4+ ({Nach} 4... f5 5. Bf4 Nf6 6. e3 Be7
7. Nc3 O-O 8. Bd3 Ne4 {ist} 9. g4 {stark.}) (4... Nf6 5. g3 {mit Übergang in
die Katalanische Eröffnung.}) 5. Bd2 (5. Nbd2 Nf6 6. a3 Be7 7. g3 Nbd7 8. Bg2
O-O 9. O-O b6 10. e4 Bb7 11. e5 Ne8 12. Rd1 c5 13. dxc5 bxc5 14. cxd5 exd5 15.
Nf1 Qb6 16. Bg5 Qd8 17. Bxe7 Qxe7 18. Ne3 Nc7 19. Nf5 Qd8 20. b4 c4 21. h4 a5
22. Nd6 Rb8 23. Ng5 g6 24. Nxb7 Rxb7 25. Bxd5 Nxd5 26. Rxd5 axb4 27. axb4 Qe7
28. Qe2 Re8 29. e6 fxe6 30. Rd4 Nb6 31. Re4 Qxb4 32. Rxe6 Rbe7 33. Ra7 Rxe6 34.
Nxe6 Re7 35. Qe5 Rxa7 36. Qb8+ Kf7 37. Ng5+ Ke7 38. Qxa7+ Nd7 39. Qe3+ Kd8 40.
Nf7+ Kc7 41. Qf4+ Kc6 42. Nd8+ Kb5 43. Qe4 Ka4 44. Nc6 Nc5 45. Qc2+ Qb3 46. Qd2
c3 47. Qd4+ Kb5 48. Na7+ Kb6 49. Nc8+ Kb5 50. Nd6+ Kc6 51. Nc4 Qb1+ 52. Kh2 Qd3
53. Ne5+ {1-0 (53) Matveev,V (2325)-Karpov,A (2296) Nizhnij Tagil 2012}) 5...
Bd6 6. Bg5 Qa5+ ({Logischer, aber nicht besser, war} 6... f6) 7. Nbd2 dxc4 (
7... h6 8. Bh4 dxc4 9. Qxc4 b6 10. Bg3 Bxg3 11. hxg3 Ba6 12. Qc2 Ne7 13. a3 c5
14. dxc5 bxc5 15. e3 Bxf1 16. Kxf1 Nd7 17. Nc4 Qa6 18. Kg1 Nf6 19. g4 Ng6 20.
g5 hxg5 21. Rxh8+ Nxh8 22. Nxg5 Rd8 23. Ne5 Qd6 24. Ngf3 Qd5 25. Qa4+ Kf8 26.
Qxa7 Ne4 27. Qc7 f6 28. Nc6 Re8 29. b4 c4 30. a4 c3 31. b5 Qc4 32. b6 Qe2 33.
Rf1 {1-0 (32) Grigoriants,S (2550)-Krapivin,A (2425) Moscow 2006}) 8. Qxc4 b5
9. Qc2 {Weiß hat schon Entwicklungsvprsprung, während Schwarz seine Stellung
weiter kompromittiert.} h6 10. Bh4 f5 11. e3 ({Es drohte g5 und f4, was
vermutlich nicht einmal eine Drohung ist, z.B. nach:} 11. a3 g5 12. Bg3 f4 13.
e3 fxg3 14. Qg6+ Kf8 15. hxg3 Qd8 16. Ne4 Be7 17. Nexg5 Bxg5 18. Nxg5 Qe8 19.
Nh7+ $18) 11... Nf6 12. Bxf6 gxf6 13. g4 {Schon der endgültige Ausheber. Nach
g6 kann Schwarz die Dame nicht lassen.} Bb7 (13... Kd8 14. gxf5 exf5 15. Rg1 f4
16. Rg6 Be7 17. O-O-O Qxa2 18. d5 $18) 14. gxf5 c5 15. fxe6 Bxf3 {Der schwarze
König in der Mitte wird nun erlegt. Die Überlegenheit der weißen Stellung
zeigt sich auch darin, dass er alles wegnehmen kann, aber immer einen noch
besseren Zug findet.} 16. Qg6+ ({Stark war auch} 16. b4) 16... Kd8 17. Qxf6+
Kc7 18. Qxf3 Rf8 19. Qe4 (19. Qxa8 Nc6 20. Qxf8 Bxf8 {ist weniger klar.}) 19...
Rxf2 20. Rd1 (20. Kxf2 Qxd2+ 21. Kg1 {ist natürlich auch gewonnen.}) 20... Rf8
21. Bg2 cxd4 22. e7 Bxe7 (22... Re8 23. Qb7#) 23. Qxe7+ Nd7 24. Rc1+ 1-0